| 000 | 00598nam a2200205Ia 4500 | ||
|---|---|---|---|
| 005 | 20250508165058.0 | ||
| 008 | 008 250505s9999 xx 000 0 eng d | ||
| 020 | _a0-19-562820-9 | ||
| 037 | _aTextual | ||
| 040 |
_aFEDL _beng _cFEDL |
||
| 041 |
_aeng _2eng |
||
| 084 |
_a954, KHA _qFEDL |
||
| 100 |
_aKhan Iqbal Ed. _9193491 |
||
| 245 | 0 | _aFresh perspectives on India and Pakistan: Essays on economics, politics and culture | |
| 260 |
_aOxford, UK _bBougainvillea Books _c1985 |
||
| 300 | _a318p. | ||
| 546 | _aMACESE | ||
| 942 |
_cTEXL _h954, KHA |
||
| 999 |
_c1393033 _d1393033 |
||